A termelési bizottságok jobb munkájáért

Bibliographic Details
Main Authors: Černý, Martin (Author), Važan, Jozef (Author)
Other Authors: Breuer, Ilona (Translator)
Format: Book
Language:Hungarian
Slovak
PhysicalDescription:70, [2] s. 8°
Published: Bratislava Práca 1953
Series:A magyar nemzetiségű szakszervezeti tagok könyvtára
Subjects:

MARC

LEADER 00000nam a2200000 a 4500
001 vtls008367319
003 SK-MaSNL
005 20260302053326.0
008 251029s1953 xo hun
015 |a SKSNBA19451955-001664 
035 |a SK01SNKBKSFS20010059536 
035 |a SKM000061999 
040 |a SNK  |b slo  |c SNK  |e AACR2 
041 1 |a hun  |h slo 
044 |a xo  |c SK 
080 |a 331.881(437)  |2 1981 
100 1 |a Černý, Martin  |4 aut  |9 273506 
245 1 0 |a A termelési bizottságok jobb munkájáért  |c [Martin] Černý, Jozef Važan ; [szlov. eredetiből] (ford. Breuer Ilona) 
260 |a Bratislava  |b Práca  |c 1953  |e Bratislava  |f Graf. tlač. 
300 |a 70, [2] s.  |c 8° 
490 0 |a A magyar nemzetiségű szakszervezeti tagok könyvtára  |v 14. k. 
500 |a Text aj na obale 
563 |a 2.300 výtlač. 
650 0 7 |a odbory  |2 SNKPH  |9 2328 
650 0 7 |a výrobné komisie  |2 SNK  |9 562321 
655 7 |a knihy  |2 SNKPH  |9 307098 
655 7 |a príručky  |2 SNKPH  |9 74364 
700 1 |a Važan, Jozef  |4 aut  |9 348394 
700 1 |a Breuer, Ilona  |4 trl  |9 660518 
830 0 |a A magyar nemzetiségű szakszervezeti tagok könyvtára  |9 308967 
852 |a Slovenská národná knižnica v Martine  |b 10000  |h MS SD 8106/14/1953 
958 |a OND 
958 |a RK 
958 |a TL 
999 |c 1108962  |d 1110892 
952 |a SNK  |b SNK  |y VYP  |7 0  |p 17A0888827  |o snkSD 8106/14/1953 D1  |i snkKSF 4222/56  |8 5  |0 0  |1 0  |4 0  |d 2012-06-04  |l 0  |r 2026-02-24 17:55:23  |w 2026-02-24